| 000 | 00537nam a2200157 a 4500 | ||
|---|---|---|---|
| 001 | 000036524 | ||
| 005 | 20200930075759.0 | ||
| 008 | 120119s1968 es 000 0 spa d | ||
| 040 |
_aDO-SdBNP _bspa _cBNPHU |
||
| 100 | 1 |
_aXimenez de Sandoval, Felipe _919335 |
|
| 245 | 1 | 0 |
_aCristobal Colón : _bevocación del almirante de la mar oceána /. |
| 250 | _a4a ed. | ||
| 260 |
_aMadrid : _bEdiciones Cultura Hispánica, _c1968. |
||
| 300 |
_a318 p. ; _c24 cm. |
||
| 586 | _aPremio Virgen del Carmen 1954 de la Presidencia del Consejo de Ministros | ||
| 999 |
_c36015 _d36015 |
||